|
|
|
|
| LEADER |
00000nab#a22000007a#4500 |
| 001 |
arbauad032666 |
| 003 |
AR-BaUAD |
| 005 |
20250711112629.0 |
| 008 |
980820|||||||||###||||||b###|0###a|spa|| |
| 040 |
|
|
|a AR-BaUAD
|c AR-BaUAD
|b spa
|
| 100 |
|
|
|a Nelson, Lycette
|
| 245 |
|
|
|a Pioneering Design in Portugal /
|c Lycette Nelson;
|
| 300 |
0 |
|
|b fot.
|
| 653 |
|
|
|a DISEÑO GRAFICO
|
| 653 |
|
|
|a PORTUGAL
|
| 653 |
|
|
|a DISEÑADORES GRAFICOS
|
| 653 |
|
|
|a CAYATTE, HENRIQUE
|
| 653 |
|
|
|a NUNES, JOAO
|
| 653 |
|
|
|a MACHADO, JOAO
|
| 773 |
0 |
|
|t HOW
|g [ago. 1998], p. 52-57
|
| 942 |
|
|
|c ARTI
|
| 952 |
|
|
|0 0
|1 0
|4 0
|7 0
|9 77585
|a AR-BAuAD
|b AR-BAuAD
|d 2025-07-11
|l 0
|p AAQA032666
|r 2025-07-11 11:26:29
|w 2025-07-11
|y ARTI
|
| 990 |
|
|
|a DG199
|b TD
|
| 998 |
|
|
|a AAQ
|b BIBUN76
|
| 999 |
|
|
|c 57258
|d 57258
|